Statistics for South Atlantic Peace and Cooperation Zone Members

Click here to take the quiz!

General Stats

  • This quiz has been taken 18 times
  • The average score is 21 of 24

Answer Stats

ContinentAnswer% Correct
South AmericaArgentina
100%
South AmericaBrazil
100%
AfricaGabon
100%
AfricaNamibia
100%
South AmericaUruguay
100%
AfricaAngola
91%
AfricaCameroon
91%
AfricaDemocratic Republic of the Congo
91%
AfricaEquatorial Guinea
91%
AfricaNigeria
91%
AfricaRepublic of the Congo
91%
AfricaSouth Africa
91%
AfricaBenin
82%
AfricaCape Verde
82%
AfricaGambia
82%
AfricaGhana
82%
AfricaGuinea
82%
AfricaGuinea Bissau
82%
AfricaIvory Coast
82%
AfricaLiberia
82%
AfricaSao Tome and Principe
82%
AfricaSenegal
82%
AfricaSierra Leone
82%
AfricaTogo
82%

Score Distribution

Percentile by Number Answered

Percent of People with Each Score

Your Score History

You have not taken this quiz